Normal view MARC view

Entry Personal Name

Number of records used in: 1

001 - CONTROL NUMBER

  • control field: 9311

003 - CONTROL NUMBER IDENTIFIER

  • control field: DLC

005 - DATE AND TIME OF LATEST TRANSACTION

  • control field: 20221115105727.0

008 - FIXED-LENGTH DATA ELEMENTS

  • fixed length control field: 090225n| acannaabn |n aaa c

010 ## - LIBRARY OF CONGRESS CONTROL NUMBER

  • LC control number: no2009029358

035 ## - SYSTEM CONTROL NUMBER

  • System control number: (OCoLC)oca08026781

040 ## - CATALOGING SOURCE

  • Original cataloging agency: OkU
  • Language of cataloging: eng
  • Transcribing agency: OkU

100 1# - HEADING--PERSONAL NAME

  • Personal name: Meier, Reto,
  • Dates associated with a name: 1978-

670 ## - SOURCE DATA FOUND

  • Source citation: Professional Android application development, c2009:
  • Information found: t.p. (Reto Meier)

670 ## - SOURCE DATA FOUND

  • Source citation: E-mail from author, Feb. 25, 2009:
  • Information found: (b. 1978; no middle name)

Powered by Koha